00738nam a2200217Ia 4500003000900000008004100009040001300050040001300063041000900076100001500085245013200100250001400232260001000246260000900256300001000265490000600275700001500281942000700296999001700303952020000320IT-RoPAU120407s9999 xx 000 0 und d aIT-RoPAU cIT-RoPAU alat  aH. Noldin  a"Summa theologiae moralis. De sexto praecepto et de usu matrimoni De censuris De poenis ecclesiasticis De sacramentis 31a ed." aOeniponte aRauch c1907 c24 cm v1 aA. Schmidt cBK c13850d13850 00102ddc406241_30000000000000071aPAULUSbPAULUSd2012-04-11l0o241.30r2012-04-11 00:00:00w2012-04-11yBKzInserito da: Marisa In data: 02 settembre 2011 fondo: Via A.Severo 56 Progr:34282